Presidenti della regione Umbria - Statistics

Statistiche generali
  • Questo quiz è stato fatto 7 volte
  • Il punteggio medio è 6 su 10
Statistiche sulle risposte
Presidenti Partito politico Anni in carica % Corretto
Donatella Tesei Lega 2019 - 2024
100%
Stefania Proietti Indipendente di centro-sinistra 2024 - in carica
86%
Catiuscia Marini Partito Democratico 2010 - 2019
71%
Germano Marri Partito Comunista Italiano 1976 - 1987
71%
Maria Rita Lorenzetti Democratici di Sinistra - Partito Democratico 2000 - 2010
71%
Pietro Conti Partito Comunista Italiano 1970 - 1976
71%
Bruno Bracalente Partito Democratico della Sinistra - Democratici di Sinistra 1995 - 2000
57%
Claudio Carnieri Partito Democratico della Sinistra 1993 - 1995
43%
Francesco Ghirelli Partito Democratico della Sinistra 1992 - 1993
14%
Francesco Mandarini Partito Comunista Italiano 1987 - 1992
0%
Nessun quiz corrispondente trovato
Distribuzione punteggi
Percentuale di utenti per punteggio
Percentile per numero di risposta
I tuoi punteggi nel tempo
Non hai fatto questo quiz